| 000 | 00701nam a22001817a 4500 | ||
|---|---|---|---|
| 005 | 20150209163722.0 | ||
| 008 | 130719b mx ||||| |||| 00| 0 spa d | ||
| 020 | _a9786077607106 | ||
| 040 |
_aCO-BoIAVH _cCO-BoIAVH |
||
| 041 | _aspa | ||
| 082 |
_a574.72 _bC74m |
||
| 245 |
_aManglares de México : _bExtensión y distribución / _cComisión Nacional para el conocimiento y uso de la biodiversidad. |
||
| 260 |
_aMexico, D.F. : _bCONABIO _c2009. |
||
| 300 |
_a99 p. _bil., mapas, tablas. _c28 cm. |
||
| 505 | _aI. Mexico y sus manglares II. Invenntario Nacional de Manglares III. Resultados IV. Acciones prioritarias V. Conclusiones | ||
| 650 |
_aManglares _xMéxico _932802 |
||
| 942 |
_2ddc _cFolleto |
||
| 999 |
_c7399 _d7399 |
||